|
|
|
|
| LEADER |
01239nam a2200289 a 4500 |
| 001 |
15605535 |
| 008 |
100830s2009 caua 001 0 eng d |
| 999 |
|
|
|c 9417
|d 9417
|
| 010 |
|
|
|a 2009002242
|
| 020 |
|
|
|a 9781933952437 (alk. paper)
|
| 020 |
|
|
|a 1933952431 (alk. paper)
|
| 040 |
|
|
|a DLC
|c DLC
|d YDX
|d YDXCP
|d CDX
|d VP@
|d DLC
|d DB-DhAAL
|
| 082 |
0 |
0 |
|a 778.94
|2 22
|
| 100 |
1 |
|
|a Schulz, Adrian,
|d 1980-
|9 32034
|
| 240 |
1 |
0 |
|a Architekturfotografie.
|l English
|
| 245 |
1 |
0 |
|a Architectural photography :
|b composition, capture, and digital image processing /
|c Adrian Schulz ; with a commentary by Marcus Bredt.
|
| 250 |
|
|
|a 1st ed.
|
| 260 |
|
|
|a Santa Barbara, CA :
|b Rocky Nook ;
|a Sebastopol, CA :
|b Distributed by O'Reilly Media,
|c c2009.
|
| 300 |
|
|
|a viii, 213 p. :
|b ill. (some col.) ;
|c 26 cm.
|
| 500 |
|
|
|a Includes index.
|
| 526 |
|
|
|a ARC
|
| 541 |
1 |
|
|e 00020870
|
| 650 |
|
0 |
|a Architectural photography.
|9 32035
|
| 650 |
|
0 |
|a Photography
|x Digital techniques.
|9 32036
|
| 852 |
4 |
|
|a Ayesha Abed Library
|j General Shelf.
|
| 942 |
|
|
|2 ddc
|c BK
|
| 952 |
|
|
|0 0
|1 0
|2 ddc
|4 0
|6 778_940000000000000_SCH_2009
|7 0
|9 11833
|a BRACUL
|b BRACUL
|c GEN
|d 2010-09-15
|e TRIM EDUCATION
|g 4900.00
|l 11
|m 120
|o 778.94 SCH
|p 3010020870
|q 2026-05-21
|r 2025-09-15
|s 2025-09-15
|t 1
|w 2010-09-15
|y BK
|